Normal view
MARC view
Entry Personal Name
001 - CONTROL NUMBER
- control field: 14098
003 - CONTROL NUMBER IDENTIFIER
- control field: ARRUPE
005 - DATE AND TIME OF LATEST TRANSACTION
- control field: 20150116112226.0
008 - FIXED-LENGTH DATA ELEMENTS
- fixed length control field: 150116|| aca||aabn | a|a d
040 ## - CATALOGING SOURCE
- Original cataloging agency: ARRUPE
- Transcribing agency: ARRUPE
100 ## - HEADING--PERSONAL NAME
- Personal name: Wheeler, John Archibald,
- Dates associated with a name: 1911-2008.
670 ## - SOURCE DATA FOUND
- Source citation: Work cat.: (ARRUPE)0: Wheeler, John Archibald, 1911-2008., At home in the universe /, c1994.